Concise Guide to Information Literacy (Record no. 6805)

MARC details
005 - DATE AND TIME OF LATEST TRANSACTION
control field 20260313115857.0
020 ## - INTERNATIONAL STANDARD BOOK NUMBER
International Standard Book Number 9781440878190
100 ## - MAIN ENTRY--PERSONAL NAME
Author name LANNING,S
245 ## - TITLE STATEMENT
Title Concise Guide to Information Literacy
250 ## - EDITION STATEMENT
Edition statement 3th Ed
260 ## - PUBLICATION, DISTRIBUTION, ETC.
Place of publication, distribution, etc. California
Name of publisher, distributor, etc. libraries unlimited
Date of publication, distribution, etc. 2022
300 ## - PHYSICAL DESCRIPTION
Extent xxi,196p;ill; graphy,table
Other physical details Bibliograpy and index
Dimensions 23cm
700 ## - ADDED ENTRY--PERSONAL NAME
Other authors/Editors GERRITY,C
942 ## - ADDED ENTRY ELEMENTS (KOHA)
Source of classification or shelving scheme Dewey Decimal Classification
Koha item type Books
Holdings
Date last seen Total checkouts Full call number Barcode Cost, replacement price Price effective from Koha item type Lost status Source of classification or shelving scheme Damaged status Not for loan Withdrawn status Home library Current library Shelving location Date acquired Source of acquisition Cost, normal purchase price
03/13/2026   028.7 LAN MBY0001057 420693.00 03/13/2026 Books   Dewey Decimal Classification       CBE MBEYA CBE MBEYA Special Reserve Collection 02/27/2026 PURCHASE 140231.00
03/13/2026   028.7 LAN MBY0001058 420693.00 03/13/2026 Books   Dewey Decimal Classification       CBE MBEYA CBE MBEYA General Collection 02/27/2026 PURCHASE 140231.00
03/13/2026   028.7 LAN MBY0001059 420693.00 03/13/2026 Books   Dewey Decimal Classification       CBE MBEYA CBE MBEYA General Collection 02/27/2026 PURCHASE 140231.00
03/13/2026   028.7 LAN MBY0001060 420693.00 03/13/2026 Books   Dewey Decimal Classification       CBE MBEYA CBE MBEYA General Collection 02/27/2026 PURCHASE 140231.00